[Event "95th Caplin Hastings Congress"]
[Site "Hastings"]
[Date "2019.12.29"]
[Round "2.4"]
[White "Sengupta, Deep"]
[Black "Merry, Alan B"]
[Result "1-0"]
[WhiteElo "2564"]
[BlackElo "2420"]
[Annotator "ChessBase"]
[PlyCount "175"]
[EventDate "2019.12.28"]
[EventType "swiss"]
[EventCountry "ENG"]
[SourceTitle "playchess.com"]
[Source "ChessBase"]
[SourceQuality "1"]
[TimeControl "40/6600+30:3000+30"]

1. e4 {[%emt 0:09:33]} e6 {[%emt 0:09:32]} 2. d4 {[%emt 0:00:08]} d5 {[%emt 0:00:03]} 3. Nc3 {[%emt 0:00:08]} Bb4 {[%emt 0:00:04]} 4. e5 {[%emt 0:00:06]} c5 {[%emt 0:00:01]} 5. a3 {[%emt 0:00:07]} Bxc3+ {[%emt 0:00:03]} 6. bxc3 {[%emt 0:00:06]} Qa5 {[%emt 0:00:03]} 7. Bd2 {[%emt 0:00:06]} Qa4 {[%emt 0:00:03]} 8. h4 {[%emt 0:00:35]} Nc6 {[%emt 0:00:54]} 9. h5 {[%emt 0:00:05]} h6 {[%emt 0:02:35]} 10. Qg4 {[%emt 0:00:41]} Rh7 {[%emt 0:03:42]} 11. Qf4 {[%emt 0:01:27]} c4 {[%emt 0:01:47]} 12. Kd1 {[%emt 0:21:05]} Bd7 {[%emt 0:05:56]} 13. Qh4 {[%emt 0:09:06]} f6 {[%emt 0:05:58]} 14. f4 {[%emt 0:00:05]} O-O-O {[%emt 0:00:54]} 15. Nf3 {[%emt 0:00:04]} Rf8 {[%emt 0:03:39]} 16. Be2 {[%emt 0:00:36]} Nge7 {[%emt 0:01:15]} 17. Rf1 {[%emt 0:02:33]} Kb8 {[%emt 0:05:44]} 18. Qh3 {[%emt 0:01:38]} Ka8 {[%emt 0:03:37]} 19. Be3 {[%emt 0:04:06]} Qa5 {[%emt 0:04:03]} 20. Kd2 {[%emt 0:01:47]} Rhh8 {[%emt 0:01:18]} 21. Nh4 {[%emt 0:06:36]} Rhg8 {[%emt 0:01:36]} 22. Bg4 {[%emt 0:05:37]} fxe5 {[%emt 0:22:10]} 23. fxe5 {[%emt 0:00:50]} Nd8 {[%emt 0:07:43]} 24. Rxf8 {[%emt 0:04:43]} Rxf8 {[%emt 0:00:04]} 25. Be2 {[%emt 0:00:11]} Qb6 {[%emt 0:09:22]} 26. Qg3 {[%emt 0:04:17]} Rg8 {[%emt 0:05:05]} 27. Qe1 {[%emt 0:07:32]} Be8 {[%emt 0:05:44]} 28. g4 {[%emt 0:01:59]} a6 {[%emt 0:06:03]} 29. Qb1 {[%emt 0:02:31]} Qc7 {[%emt 0:00:24]} 30. Qb2 {[%emt 0:04:53]} Nf7 {[%emt 0:04:14]} 31. Rf1 {[%emt 0:01:26]} Qd8 {[%emt 0:01:07]} 32. Rb1 {[%emt 0:01:56]} Bc6 {[%emt 0:00:53]} 33. Qb6 {[%emt 0:01:19]} Qd7 {[%emt 0:01:33]} 34. Rf1 {[%emt 0:03:14]} Nc8 {[%emt 0:00:33]} 35. Qb4 {[%emt 0:02:16]} b6 {[%emt 0:00:52]} 36. Ng6 {[%emt 0:02:55]} a5 {[%emt 0:00:25]} 37. Qb1 {[%emt 0:00:06]} Nh8 {[%emt 0:00:39]} 38. g5 {[%emt 0:02:23]} hxg5 {[%emt 0:05:30]} 39. Bxg5 {[%emt 0:00:03]} Qe8 {[%emt 0:03:31]} 40. Nh4 {[%emt 0:01:02]} Ka7 {[%emt 0:00:34]} 41. Rf2 {[%emt 0:52:01]} Nf7 {[%emt 0:05:24]} 42. Qg1 {[%emt 0:00:00]} Nxg5 {[%emt 0:07:09]} 43. Qxg5 {[%emt 0:00:00]} Ne7 {[%emt 0:03:43]} 44. Bg4 {[%emt 0:00:00]} Bd7 {[%emt 0:00:26]} 45. Rf3 {[%emt 0:00:00]} Ka6 {[%emt 0:01:37]} 46. Ng6 {[%emt 0:00:00]} Nc6 {[%emt 0:10:45]} 47. Qf4 {[%emt 0:00:00]} Nd8 {[%emt 0:00:07]} 48. Rf2 {[%emt 0:00:00]} Bc8 {[%emt 0:04:20]} 49. Bh3 {[%emt 0:00:00]} Bd7 {[%emt 0:01:01]} 50. Rf3 {[%emt 0:00:00]} Bc8 {[%emt 0:00:46]} 51. Qh4 {[%emt 0:00:00]} Nc6 {[%emt 0:00:10]} 52. Kc1 {[%emt 0:00:00]} Bd7 {[%emt 0:00:38]} 53. Bf1 {[%emt 0:00:00]} Bc8 {[%emt 0:00:28]} 54. Be2 {[%emt 0:00:00]} Bd7 {[%emt 0:00:29]} 55. Rf4 {[%emt 0:00:00]} Bc8 {[%emt 0:00:21]} 56. Kd1 {[%emt 0:00:00]} Bd7 {[%emt 0:00:11]} 57. Ke1 {[%emt 0:00:00]} Bc8 {[%emt 0:00:35]} 58. Kf2 {[%emt 0:00:00]} Bd7 {[%emt 0:00:32]} 59. Kg2 {[%emt 0:00:00]} Kb5 {[%emt 0:04:10]} 60. Rf1 {[%emt 0:00:00]} Bc8 {[%emt 0:00:40]} 61. Bg4 {[%emt 0:00:00]} Bd7 {[%emt 0:01:55]} 62. Kh3 {[%emt 0:00:00]} Bc8 {[%emt 0:00:58]} 63. Qg5 {[%emt 0:03:27]} Bd7 {[%emt 0:00:18]} 64. Kg3 {[%emt 0:02:40]} Bc8 {[%emt 0:00:14]} 65. Qc1 {[%emt 0:00:35]} Bd7 {[%emt 0:00:45]} 66. a4+ {[%emt 0:12:20]} Ka6 {[%emt 0:00:05]} 67. Qa3 {[%emt 0:00:01]} Nd8 {[%emt 0:04:42]} 68. Qd6 {[%emt 0:00:40]} Bxa4 {[%emt 0:02:29]} 69. Ne7 {[%emt 0:01:11]} Rh8 {[%emt 0:02:40]} 70. Ng6 {[%emt 0:00:15]} Rg8 {[%emt 0:00:10]} 71. Ne7 {[%emt 0:04:19]} Rh8 {[%emt 0:00:09]} 72. Rb1 {[%emt 0:00:08]} Nc6 {[%emt 0:01:17]} 73. Qc7 {[%emt 0:02:22]} Bb5 {[%emt 0:02:24]} 74. Ng6 {[%emt 0:04:32]} Rg8 {[%emt 0:00:17]} 75. Nf4 {[%emt 0:00:25]} Nd8 {[%emt 0:04:20]} 76. Nxd5 {[%emt 0:01:03]} Qc6 {[%emt 0:01:21]} 77. Qxc6 {[%emt 0:00:56]} Bxc6 {[%emt 0:00:05]} 78. Nxb6 {[%emt 0:00:33]} g6 {[%emt 0:01:06]} 79. h6 {[%emt 0:00:33]} Rh8 {[%emt 0:00:26]} 80. Nxc4 {[%emt 0:00:51]} Rxh6 {[%emt 0:00:24]} 81. Bxe6 {[%emt 0:01:10]} a4 {[%emt 0:00:54]} 82. d5 {[%emt 0:00:27]} g5 {[%emt 0:00:33]} 83. Bc8+ {[%emt 0:00:17]} Bb7 {[%emt 0:00:04]} 84. Bxb7+ {[%emt 0:00:08]} Nxb7 {[%emt 0:00:04]} 85. e6 {[%emt 0:00:08]} Rh4 {[%emt 0:00:20]} 86. e7 {[%emt 0:00:41]} Re4 {[%emt 0:00:08]} 87. Rb6+ {[%emt 0:00:05]} Ka7 {[%emt 0:00:17]} 88. Rxb7+ {[%emt 0:00:15]} 1-0

[Event "95th Caplin Hastings Congress"]
[Site "Hastings"]
[Date "2019.12.29"]
[Round "2.5"]
[White "Stany, G.A."]
[Black "Wadsworth, Matthew J"]
[Result "1/2-1/2"]
[WhiteElo "2526"]
[BlackElo "2401"]
[Annotator "TA"]
[PlyCount "80"]
[EventDate "2019.12.28"]
[EventType "swiss"]
[EventCountry "ENG"]
[SourceTitle "playchess.com"]
[Source "ChessBase"]
[SourceQuality "1"]

{[%evp 9,80,30,27,25,47,27,44,0,19,12,20,10,25,15,43,14,24,0,0,0,0,0,0,0,10,0,0,-22,-14,-43,-17,-83,-106,-56,-58,-82,7,-90,-62,-78,0,0,0,0,0,0,0,0,0,0,0,-33,-42,-44,-32,-38,-45,-70,-36,-41,-31,-59,0,-97,-48,-43,0,0,8,0,0,0,0]} 1. e4 e6 2. d4 d5 3. Nd2 h6 (3... c5 4. Ngf3 cxd4 5. Nxd4 Nc6 6. Bb5 Bd7 7. Nxc6 bxc6 8. Bd3 Qc7 9. Qe2 Ne7 10. O-O Ng6 11. Nf3 Bd6 12. c4 dxe4 13. Bxe4 O-O 14. Rd1 Rad8 15. h3 c5 16. b3 Bc6 {0-1 (40) Nepomniachtchi,I (2763)-Vitiugov,N (2719) St Petersburg 2018}) 4. Ngf3 Nf6 5. e5 Nfd7 6. c4 {C03: French Tarrasch: Unusual Black 3rd moves} dxc4 7. Nxc4 Nb6 8. Nxb6 $146 {White is slightly better.} ({Predecessor:} 8. Bd3 Nc6 9. O-O Nb4 10. Nxb6 {½-½ (59) Adhiban,B (2561)-Sadler,M (2660) Wijk aan Zee 2012}) 8... axb6 9. Bd3 Nc6 10. O-O Nb4 11. Be4 Be7 12. Qb3 Nd5 13. Bd2 Bd7 14. Ne1 Bc6 15. Qg3 g6 16. Nc2 Qd7 17. Rfe1 h5 18. Qf3 g5 19. h3 g4 20. hxg4 (20. Qd3 $11) 20... hxg4 $17 21. Qxg4 O-O-O 22. g3 $1 Rdg8 (22... Rdf8 $17 23. Qf3 f5 24. exf6 Bxf6) 23. Qe2 (23. Qf3 $11 {keeps the balance.}) 23... Rh4 24. Bg2 $1 Nf4 (24... Kb8 $17) 25. Bxf4 $11 Rxf4 26. d5 $1 {[%cal Rd5c6]} (26. gxf4 $2 {loses.} Bxg2 27. Kh2 Qc6 $19) 26... Bxd5 27. Rad1 Bc5 $36 {[%mdl 2048] Black is more active.} 28. Ne3 $1 Rd4 29. Nxd5 exd5 30. b4 Rxb4 {[#] ...Rxg3 is the strong threat.} 31. Rxd5 Qe6 {aiming for ...Rxg3.} 32. Rd3 c6 33. a3 Rbg4 {Threatens to win with ...Rxg3.} 34. Kf1 {White wants to play Bh3.} Rh8 35. Red1 {[#] Black must now prevent Bh3!} Rg5 (35... Rc4 $15) 36. f4 (36. Qd2 $11 Rgg8 37. Qf4) 36... Rgh5 37. Qe4 Qa2 {[%csl Gc5][%cal Ra2f2]} 38. R1d2 {The position is equal.} Qa1+ 39. Rd1 Qa2 {[%csl Gc5][%cal Ra2f2]} 40. R1d2 Qa1+ {Accuracy: White = 48%, Black = 39%.} 1/2-1/2

[Event "95th Caplin Hastings Congress"]
[Site "Hastings"]
[Date "2019.12.29"]
[Round "2.6"]
[White "Willow, Jonah B"]
[Black "Korneev, Oleg"]
[Result "1/2-1/2"]
[WhiteElo "2355"]
[BlackElo "2524"]
[Annotator "ChessBase"]
[PlyCount "127"]
[EventDate "2019.12.28"]
[EventType "swiss"]
[EventCountry "ENG"]
[SourceTitle "playchess.com"]
[Source "ChessBase"]
[SourceQuality "1"]
[TimeControl "40/6600+30:3000+30"]

1. e4 {[%emt 0:09:32]} c5 {[%emt 0:22:44]} 2. Nf3 {[%emt 0:00:12]} e6 {[%emt 0:00:06]} 3. d4 {[%emt 0:00:04]} cxd4 {[%emt 0:00:02]} 4. Nxd4 {[%emt 0:00:05]} a6 {[%emt 0:00:02]} 5. Bd3 {[%emt 0:00:18]} Nf6 {[%emt 0:03:53]} 6. O-O {[%emt 0:00:12]} Qc7 {[%emt 0:00:04]} 7. Qe2 {[%emt 0:00:05]} d6 {[%emt 0:00:02]} 8. c4 {[%emt 0:00:19]} g6 {[%emt 0:08:30]} 9. Be3 {[%emt 0:03:57]} Bg7 {[%emt 0:00:02]} 10. Nd2 {[%emt 0:02:55]} O-O {[%emt 0:00:20]} 11. Rfc1 {[%emt 0:00:58]} Nc6 {[%emt 0:09:01]} 12. Nxc6 {[%emt 0:08:31]} bxc6 {[%emt 0:01:13]} 13. Rab1 {[%emt 0:04:35]} a5 {[%emt 0:01:20]} 14. f4 {[%emt 0:14:57]} c5 {[%emt 0:01:35]} 15. Nf3 {[%emt 0:04:18]} Bb7 {[%emt 0:00:47]} 16. Bd2 {[%emt 0:01:19]} Rfe8 {[%emt 0:06:15]} 17. Bc3 {[%emt 0:19:00]} e5 {[%emt 0:15:38]} 18. fxe5 {[%emt 0:01:30]} dxe5 {[%emt 0:00:11]} 19. Nd2 {[%emt 0:00:14]} Nh5 {[%emt 0:00:59]} 20. g3 {[%emt 0:01:11]} Bh6 {[%emt 0:00:14]} 21. Re1 {[%emt 0:01:39]} Ng7 {[%emt 0:00:15]} 22. Nf1 {[%emt 0:03:12]} Ne6 {[%emt 0:00:17]} 23. Ne3 {[%emt 0:01:13]} Nd4 {[%emt 0:14:13]} 24. Bxd4 {[%emt 0:08:10]} exd4 {[%emt 0:01:38]} 25. Nd5 {[%emt 0:00:17]} Bxd5 {[%emt 0:00:41]} 26. cxd5 {[%emt 0:00:01]} f5 {[%emt 0:14:52]} 27. Kg2 {[%emt 0:01:50]} fxe4 {[%emt 0:00:09]} 28. Bxe4 {[%emt 0:00:05]} Qd6 {[%emt 0:00:11]} 29. Qd3 {[%emt 0:05:34]} Be3 {[%emt 0:01:19]} 30. Bf3 {[%emt 0:00:22]} a4 {[%emt 0:05:27]} 31. Qb5 {[%emt 0:02:04]} Reb8 {[%emt 0:04:03]} 32. Qc6 {[%emt 0:00:48]} Ra6 {[%emt 0:00:06]} 33. Qxd6 {[%emt 0:00:22]} Rxd6 {[%emt 0:00:02]} 34. b3 {[%emt 0:08:42]} axb3 {[%emt 0:03:02]} 35. axb3 {[%emt 0:02:50]} Rdb6 {[%emt 0:00:05]} 36. Be2 {[%emt 0:07:46]} Rxb3 {[%emt 0:00:50]} 37. Rxb3 {[%emt 0:00:06]} Rxb3 {[%emt 0:00:02]} 38. d6 {[%emt 0:00:06]} Rb6 {[%emt 0:05:42]} 39. d7 {[%emt 0:00:45]} Rd6 {[%emt 0:00:01]} 40. Bb5 {[%emt 0:00:27]} Kg7 {[%emt 0:01:30]} 41. h4 {[%emt 0:56:31]} c4 {[%emt 0:06:01]} 42. Bxc4 {[%emt 0:00:00]} Rxd7 {[%emt 0:00:06]} 43. Bd3 {[%emt 0:00:00]} Ra7 {[%emt 0:00:32]} 44. Rf1 {[%emt 0:00:00]} Ra3 {[%emt 0:04:15]} 45. Rd1 {[%emt 0:00:00]} Ra2+ {[%emt 0:01:47]} 46. Kf3 {[%emt 0:00:00]} Rf2+ {[%emt 0:00:10]} 47. Ke4 {[%emt 0:00:00]} Kh6 {[%emt 0:11:41]} 48. Rf1 {[%emt 0:00:00]} Rg2 {[%emt 0:00:09]} 49. Kf3 {[%emt 0:00:00]} Rd2 {[%emt 0:00:05]} 50. Bc4 {[%emt 0:00:00]} Rc2 {[%emt 0:03:03]} 51. Bd3 {[%emt 0:00:00]} Rh2 {[%emt 0:00:36]} 52. Be2 {[%emt 0:00:00]} Kg7 {[%emt 0:00:18]} 53. Bd3 {[%emt 0:00:00]} h5 {[%emt 0:02:42]} 54. Be2 {[%emt 0:00:00]} Kh6 {[%emt 0:02:06]} 55. Bd3 {[%emt 0:00:00]} Rd2 {[%emt 0:00:20]} 56. Bc4 {[%emt 0:00:00]} Kg7 {[%emt 0:00:31]} 57. Ke4 {[%emt 0:00:00]} Bf2 {[%emt 0:00:49]} 58. Kf3 {[%emt 0:00:00]} Rc2 {[%emt 0:00:31]} 59. Rxf2 {[%emt 0:00:00]} Rxc4 {[%emt 0:00:12]} 60. Ke4 {[%emt 0:00:00]} g5 {[%emt 0:07:26]} 61. Rf5 {[%emt 0:00:00]} gxh4 {[%emt 0:00:07]} 62. Rxh5 {[%emt 0:00:00]} hxg3 {[%emt 0:00:09]} 63. Rg5+ {[%emt 0:00:00]} Kf6 {[%emt 0:00:07]} 64. Rxg3 {[%emt 0:00:00] Ke5+} 1/2-1/2

[Event "95th Caplin Hastings Congress"]
[Site "Hastings"]
[Date "2019.12.29"]
[Round "2.7"]
[White "Petrov, Martin"]
[Black "Bates, Richard A"]
[Result "1/2-1/2"]
[WhiteElo "2497"]
[BlackElo "2342"]
[Annotator "ChessBase"]
[PlyCount "100"]
[EventDate "2019.12.28"]
[EventType "swiss"]
[EventCountry "ENG"]
[SourceTitle "playchess.com"]
[Source "ChessBase"]
[SourceQuality "1"]
[TimeControl "40/6600+30:3000+30"]

1. e4 {[%emt 0:17:09]} c5 {[%emt 0:10:13]} 2. Nf3 {[%emt 0:00:08]} d6 {[%emt 0:00:12]} 3. d4 {[%emt 0:00:20]} cxd4 {[%emt 0:00:07]} 4. Nxd4 {[%emt 0:00:06]} Nf6 {[%emt 0:00:54]} 5. Nc3 {[%emt 0:00:07]} a6 {[%emt 0:00:08]} 6. Be3 {[%emt 0:00:07]} e5 {[%emt 0:00:52]} 7. Nb3 {[%emt 0:00:06]} Be6 {[%emt 0:01:08]} 8. h3 {[%emt 0:00:07]} Be7 {[%emt 0:08:29]} 9. f4 {[%emt 0:00:13]} exf4 {[%emt 0:10:18]} 10. Bxf4 {[%emt 0:00:05]} Nc6 {[%emt 0:01:56]} 11. Qe2 {[%emt 0:00:09]} Nd7 {[%emt 0:06:42]} 12. O-O-O {[%emt 0:00:25]} Nce5 {[%emt 0:04:48]} 13. Nd4 {[%emt 0:04:19]} O-O {[%emt 0:01:45]} 14. Qe3 {[%emt 0:07:59]} Rc8 {[%emt 0:09:49]} 15. Kb1 {[%emt 0:05:55]} Qa5 {[%emt 0:05:44]} 16. a3 {[%emt 0:02:53]} Rfe8 {[%emt 0:10:37]} 17. g4 {[%emt 0:07:17]} Bf8 {[%emt 0:03:44]} 18. Qe1 {[%emt 0:31:18]} Nc5 {[%emt 0:09:58]} 19. Nxe6 {[%emt 0:09:26]} fxe6 {[%emt 0:05:21]} 20. Bxe5 {[%emt 0:05:15]} dxe5 {[%emt 0:02:05]} 21. Rh2 {[%emt 0:00:17]} Rc6 {[%emt 0:03:27]} 22. Ka2 {[%emt 0:07:11]} Rec8 {[%emt 0:06:39]} 23. Qe3 {[%emt 0:11:43]} b5 {[%emt 0:04:51]} 24. Nb1 {[%emt 0:05:57]} b4 {[%emt 0:02:30]} 25. b3 {[%emt 0:01:02]} Na4 {[%emt 0:05:27]} 26. bxa4 {[%emt 0:01:30]} Qxa4 {[%emt 0:00:10]} 27. Rd3 {[%emt 0:01:53]} Rxc2+ {[%emt 0:02:12]} 28. Rxc2 {[%emt 0:00:01]} Qxc2+ {[%emt 0:01:00]} 29. Ka1 {[%emt 0:00:01]} b3 {[%emt 0:01:03]} 30. Rd2 {[%emt 0:01:04]} Bxa3 {[%emt 0:00:32]} 31. Rxc2 {[%emt 0:00:44]} bxc2 {[%emt 0:00:04]} 32. Qxa3 {[%emt 0:00:40]} c1=Q {[%emt 0:00:08]} 33. Qxa6 {[%emt 0:00:23]} Rb8 {[%emt 0:00:59]} 34. Bb5 {[%emt 0:00:39]} Qc5 {[%emt 0:00:32]} 35. Na3 {[%emt 0:00:27]} Rd8 {[%emt 0:00:24]} 36. Qxe6+ {[%emt 0:00:22]} Kh8 {[%emt 0:00:08]} 37. Qb3 {[%emt 0:00:20]} Rd2 {[%emt 0:00:48]} 38. Nb1 {[%emt 0:00:45]} Rc2 {[%emt 0:00:47]} 39. Qd3 {[%emt 0:00:36]} Qa7+ {[%emt 0:01:32]} 40. Na3 {[%emt 0:00:21]} Qg1+ {[%emt 0:00:14]} 41. Nb1 {[%emt 0:02:42]} Qd4+ {[%emt 0:14:38]} 42. Qxd4 {[%emt 0:00:13]} exd4 {[%emt 0:00:03]} 43. e5 {[%emt 0:08:18]} Rc5 {[%emt 0:00:23]} 44. Bf1 {[%emt 0:00:38]} Rxe5 {[%emt 0:00:14]} 45. Kb2 {[%emt 0:01:44]} Re3 {[%emt 0:05:58]} 46. Nd2 {[%emt 0:03:12]} g6 {[%emt 0:00:10]} 47. Nb3 {[%emt 0:03:24]} Re1 {[%emt 0:01:33]} 48. Nd2 {[%emt 0:01:41]} Kg7 {[%emt 0:00:47]} 49. Kc2 {[%emt 0:02:38]} Re3 {[%emt 0:00:30]} 50. Nc4 {[%emt 0:02:47]} Re1 {[%emt 0:04:53]} 1/2-1/2

[Event "95th Caplin Hastings Congress"]
[Site "Hastings"]
[Date "2019.12.29"]
[Round "2.8"]
[White "Rudd, Jack"]
[Black "Panchanathan, Magesh Chandran"]
[Result "0-1"]
[WhiteElo "2331"]
[BlackElo "2479"]
[Annotator "TA"]
[PlyCount "68"]
[EventDate "2019.12.28"]
[EventType "swiss"]
[EventCountry "ENG"]
[SourceTitle "playchess.com"]
[Source "ChessBase"]
[SourceQuality "1"]

{[%evp 18,68,11,12,34,14,5,0,0,0,0,-13,-6,0,0,8,12,-16,0,-83,-81,-102,-80,-110,-111,-110,-93,-92,-87,-127,-155,-131,-107,-180,-143,-166,-113,-237,-127,-181,-181,-185,-175,-231,-218,-266,-260,-805,-780,-29991,-29992,-29993,-29973]} 1. d4 Nf6 2. c4 e6 3. Nf3 b6 4. g3 Ba6 5. b3 Bb7 6. Bg2 Bb4+ 7. Bd2 a5 8. O-O O-O 9. a3 Be7 10. Nc3 c6 $146 {E15: Queen's Indian: 4 g3 sidelines, 4 g3 Ba6 and 4 g3 Bb7 early deviations} ({Predecessor:} 10... d5 11. cxd5 exd5 12. Qc2 Re8 13. Rfd1 Nbd7 14. Bf4 c6 15. Ne5 Nf8 16. e4 Rc8 17. exd5 cxd5 18. Qd3 {½-½ (45) Brunello,S (2567)-Mamedyarov,S (2747) Reykjavik 2016}) 11. Re1 d5 $1 12. Qc2 Ba6 {The position is equal.} 13. cxd5 cxd5 14. Ne5 Ra7 15. Bf4 Nh5 16. Be3 Bd6 17. Nf3 h6 18. g4 (18. Qb2 $11) 18... Nf4 $17 19. Bf1 Rc7 20. Qd2 Ng6 21. Rec1 Nd7 22. a4 Nf6 23. g5 Ng4 24. gxh6 gxh6 25. Nb5 ({Don't blunder} 25. Bxh6 $2 Nxh6 26. Qxh6 Bf4 $19) (25. Nd1 $17 {keeps fighting.}) 25... Bxb5 26. axb5 Kh7 (26... Rxc1 $19 27. Qxc1 Nxe3 28. Qxe3 Kh7) 27. Bh3 {[#]} (27. Rxc7 $17 Qxc7 28. Rc1) 27... Nxe3 (27... Nxh2 $1 $19 {[%mdl 512]} 28. Ne5 (28. Nxh2 $2 Qh4 $19) 28... Qh4 29. Kxh2 Nxe5 30. dxe5 Bxe5+ {[%mdl 64] Double Attack} 31. f4 Rg8) 28. fxe3 (28. Rxc7 $17 {was worth a try.} Qxc7 29. Qxe3) 28... f5 $19 29. Kh1 Rg7 30. Rc6 (30. Rg1 {was necessary.}) 30... Ne7 31. Rc2 Qe8 {Hoping for ...Qh5.} 32. Qd3 $2 (32. Rg1) 32... Qh5 33. Bg2 Rfg8 34. Rg1 Rg4 {Accuracy: White = 25%, Black = 71%.} 0-1

[Event "95th Caplin Hastings Congress"]
[Site "Hastings"]
[Date "2019.12.29"]
[Round "2.9"]
[White "Swayams, Mishra"]
[Black "Grieve, Harry"]
[Result "1-0"]
[WhiteElo "2479"]
[BlackElo "2299"]
[Annotator "ChessBase"]
[PlyCount "87"]
[EventDate "2019.12.28"]
[EventType "swiss"]
[EventCountry "ENG"]
[SourceTitle "playchess.com"]
[Source "ChessBase"]
[SourceQuality "1"]
[TimeControl "40/6600+30:3000+30"]

1. d4 {[%emt 0:17:16]} f5 {[%emt 0:09:41]} 2. g3 {[%emt 0:03:26]} Nf6 {[%emt 0:00:13]} 3. Bg2 {[%emt 0:00:05]} g6 {[%emt 0:00:28]} 4. c3 {[%emt 0:01:07]} Bg7 {[%emt 0:00:13]} 5. Qb3 {[%emt 0:00:11]} Nc6 {[%emt 0:00:10]} 6. Nd2 {[%emt 0:01:03]} d5 {[%emt 0:00:38]} 7. Ndf3 {[%emt 0:07:00]} e6 {[%emt 0:08:03]} 8. h4 {[%emt 0:01:49]} a5 {[%emt 0:03:13]} 9. a4 {[%emt 0:02:12]} b6 {[%emt 0:02:43]} 10. Nh3 {[%emt 0:00:06]} O-O {[%emt 0:07:48]} 11. Nf4 {[%emt 0:00:36]} Ne4 {[%emt 0:00:35]} 12. Be3 {[%emt 0:05:22]} Re8 {[%emt 0:04:46]} 13. Ng5 {[%emt 0:06:45]} Qd7 {[%emt 0:05:11]} 14. Nxe4 {[%emt 0:06:49]} fxe4 {[%emt 0:04:16]} 15. f3 {[%emt 0:01:15]} exf3 {[%emt 0:02:04]} 16. Bxf3 {[%emt 0:01:09]} Ba6 {[%emt 0:05:30]} 17. O-O-O {[%emt 0:08:37]} Rab8 {[%emt 0:05:17]} 18. Qc2 {[%emt 0:02:27]} Bf8 {[%emt 0:12:00]} 19. h5 {[%emt 0:07:31]} g5 {[%emt 0:01:34]} 20. Nh3 {[%emt 0:00:28]} h6 {[%emt 0:02:45]} 21. Nf2 {[%emt 0:02:13]} Qh7 {[%emt 0:13:08]} 22. Qg6+ {[%emt 0:00:12]} Qxg6 {[%emt 0:08:50]} 23. hxg6 {[%emt 0:00:02]} Kg7 {[%emt 0:00:09]} 24. Rh2 {[%emt 0:05:33]} Ne7 {[%emt 0:05:01]} 25. Ng4 {[%emt 0:02:21]} Nf5 {[%emt 0:02:55]} 26. Rdh1 {[%emt 0:06:58]} Bd6 {[%emt 0:03:15]} 27. Bxg5 {[%emt 0:02:40]} hxg5 {[%emt 0:04:24]} 28. Rh7+ {[%emt 0:00:10]} Kxg6 {[%emt 0:00:08]} 29. e4 {[%emt 0:00:38]} Ng7 {[%emt 0:02:53]} 30. R1h6+ {[%emt 0:06:32]} Kf7 {[%emt 0:00:01]} 31. Rf6+ {[%emt 0:02:26]} Kg8 {[%emt 0:00:02]} 32. Rh3 {[%emt 0:07:56]} Bf1 {[%emt 0:07:33]} 33. Rh1 {[%emt 0:00:23]} Bxg3 {[%emt 0:00:30]} 34. Nh6+ {[%emt 0:01:14]} Kh7 {[%emt 0:00:02]} 35. Nf7+ {[%emt 0:00:15]} Nh5 {[%emt 0:01:00]} 36. Bxh5 {[%emt 0:01:21]} Bg2 {[%emt 0:00:30]} 37. Nxg5+ {[%emt 0:05:18]} Kh8 {[%emt 0:00:30]} 38. Rg1 {[%emt 0:00:35]} Rg8 {[%emt 0:00:30]} 39. Rh6+ {[%emt 0:01:27]} Kg7 {[%emt 0:00:01]} 40. Rg6+ {[%emt 0:00:18]} Kh8 {[%emt 0:00:47]} 41. Nf7+ {[%emt 0:53:13]} Kh7 {[%emt 0:50:08]} 42. Rxg2 {[%emt 0:01:13]} Rxg6 {[%emt 0:00:45]} 43. Bxg6+ {[%emt 0:00:04]} Kxg6 {[%emt 0:00:09]} 44. Ne5+ {[%emt 0:00:03]} 1-0